[Event "CAT-ch Open-Women 2019"]
[Site "Platja de la Pineda"]
[Date "2019.04.19"]
[Round "2"]
[White "Guerra Mendez, Jose Angel"]
[Black "Bravo Barranco, Narciso"]
[Result "1-0"]
[WhiteElo "2531"]
[BlackElo "2252"]
[Annotator "RC"]
[PlyCount "145"]
[EventDate "2019.04.18"]
[EventType "swiss"]
[EventCountry "ESP"]
[SourceTitle "playchess.com"]
[Source "ChessBase"]
[SourceQuality "1"]
[TimeControl "5400+30"]

1. e4 c6 2. d4 d5 3. Nc3 dxe4 4. Nxe4 Nf6 5. Nxf6+ gxf6 6. Nf3 Bf5 7. g3 Qd5 8. c3 Qe4+ 9. Be3 Qc2 10. Nh4 Qxd1+ 11. Rxd1 Be4 12. f3 Bg6 13. Kf2 e6 14. Be2 Nd7 15. c4 a5 16. Nxg6 hxg6 17. h4 Bh6 18. f4 Bf8 19. Bf3 Ra6 20. g4 a4 21. a3 Rb6 22. Rd2 c5 23. Rhd1 Be7 24. Kg3 Rb3 25. dxc5 Nb8 26. Bd4 Nc6 27. Bc3 O-O 28. Be4 Bxc5 29. Bc2 Rxc3+ 30. bxc3 Na5 31. Rd8 Nxc4 32. Rxf8+ Kxf8 33. Bxa4 Nxa3 34. Rd8+ Kg7 35. Rd7 b6 36. Rb7 Nc4 37. Rd7 Nd6 38. Bc6 e5 39. Kf3 exf4 40. Kxf4 Nc4 41. Bd5 Ne5 42. Rb7 Bd6 43. Ke4 Nxg4 44. Rxb6 f5+ 45. Kf3 Be7 46. Kg3 Ne3 47. Bb3 Nf1+ 48. Kf4 Bf6 49. c4 Nd2 50. Rb7 Bd4 51. h5 Kh6 52. hxg6 fxg6 53. Ba2 Ne4 54. Rd7 Bg1 55. Bb1 Bh2+ 56. Ke3 Nc5 57. Rf7 Kg5 58. Kd4 Bg1+ 59. Kd5 Na4 60. Bd3 Nc5 61. Bc2 Kf4 62. Rf6 Kg5 63. Rc6 Nd7 64. Rc7 Nf6+ 65. Ke6 Ne4 66. Bxe4 fxe4 67. Kd5 e3 68. Re7 Kf4 69. c5 Kf3 70. c6 Bh2 71. Kd4 Bf4 72. Kd3 g5 73. c7 1-0

[Event "CAT-ch Open-Women 2019"]
[Site "Platja de la Pineda"]
[Date "2019.04.19"]
[Round "2"]
[White "Moskalenko, Viktor"]
[Black "Ventura Bolet, Alexandre"]
[Result "1-0"]
[WhiteElo "2515"]
[BlackElo "2191"]
[Annotator "TA"]
[PlyCount "69"]
[EventDate "2019.04.18"]
[EventType "swiss"]
[EventCountry "ESP"]
[SourceTitle "playchess.com"]
[Source "ChessBase"]
[SourceQuality "1"]

{[%evp 24,69,38,38,38,35,38,31,42,37,97,53,39,47,43,23,74,67,66,75,62,37,76,39,45,38,111,107,156,156,146,133,263,151,539,518,688,677,1121,1091,2458,2408,29991,29992,29994,29995,29995,29995]} 1. d4 Nf6 2. c4 d6 3. Nc3 Nbd7 4. e4 e5 5. Nge2 Be7 6. g3 O-O 7. Bg2 c6 8. O-O a6 9. a4 a5 10. h3 exd4 11. Nxd4 Nc5 12. Be3 Re8 13. Qc2 Bf8 {A55: Old Indian Defence with Nf3 and e4} 14. Rad1 Qb6 15. Rfe1 g6 {White is slightly better.} 16. f4 {[#]} h5 $146 (16... Bg7 $14) ({Predecessor:} 16... Nfd7 17. Bf2 Qc7 18. Rd2 Nb6 19. b3 Bd7 20. Nf3 Na6 21. Na2 {½-½ (28) Jussupow,A (2602)-Hickl,J (2560) Switzerland 2016}) 17. Bf2 Qb4 18. b3 Bg7 19. Re2 Nfd7 (19... Bd7 $11) 20. Na2 $16 Qb6 21. Nc1 Qc7 22. Nf3 Nf8 23. Bd4 Bxd4+ 24. Nxd4 h4 (24... Bd7 $14) 25. g4 Nfe6 26. Nxe6 Nxe6 27. Rf2 Qb6 (27... Nc5 $16 {was called for.} 28. f5 g5) 28. Qd2 ({Don't take} 28. Rxd6 $6 Qb4 $18) (28. f5 $18) 28... Nc5 $2 (28... f5 $16 {is tougher.} 29. exf5 (29. gxf5 gxf5 30. Kh2 Ng7 $16) 29... gxf5) 29. f5 $18 Bd7 {[#]} 30. Qh6 $1 {[%mdl 512]} gxf5 31. gxf5 Bxf5 32. exf5 {White wants to mate with f6.} Re5 33. Rd4 {[%cal Rd4g4] White mates.} Re1+ {[#]} 34. Kh2 $1 {[%cal Rd4g4]} Ne4 35. Bxe4 {Accuracy: White = 64%, Black = 28%.} 1-0

[Event "CAT-ch Open-Women 2019"]
[Site "Platja de la Pineda"]
[Date "2019.04.19"]
[Round "2"]
[White "Oratovsky, Michael"]
[Black "Falomir Ballega, Sergi"]
[Result "1-0"]
[WhiteElo "2455"]
[BlackElo "1613"]
[Annotator "RC"]
[PlyCount "61"]
[EventDate "2019.04.18"]
[EventType "swiss"]
[EventCountry "ESP"]
[SourceTitle "playchess.com"]
[Source "ChessBase"]
[SourceQuality "1"]
[TimeControl "5400+30"]

1. e4 d5 2. exd5 Qxd5 3. Nc3 Qa5 4. Nf3 Nf6 5. d4 c6 6. Bd2 Qc7 7. Ne5 Bf5 8. Bc4 e6 9. g4 Bg6 10. h4 Nbd7 11. Qe2 Bb4 12. Bb3 Bxc3 13. bxc3 Nxe5 14. dxe5 Ne4 15. h5 O-O-O 16. O-O-O Rxd2 17. Rxd2 Nxc3 18. Qe3 Qa5 19. Kb2 Be4 20. Rh3 Nb5 21. a4 Nc7 22. Rd4 Bd5 23. c4 c5 24. Rf4 Bc6 25. Qc3 Qb6 26. a5 Qa6 27. Rxf7 b6 28. Rd3 bxa5 29. Rd6 Qb7 30. Qxa5 Qb6 31. Qxb6 1-0

[Event "CAT-ch Open-Women 2019"]
[Site "Platja de la Pineda"]
[Date "2019.04.19"]
[Round "2"]
[White "Valenzuela Gomez, Fernando"]
[Black "Gallego Bergada, Antoni"]
[Result "1-0"]
[WhiteElo "2406"]
[BlackElo "2173"]
[Annotator "TA"]
[PlyCount "71"]
[EventDate "2019.04.18"]
[EventType "swiss"]
[EventCountry "ESP"]
[SourceTitle "playchess.com"]
[Source "ChessBase"]
[SourceQuality "1"]

{[%evp 15,71,28,31,29,29,30,29,26,28,27,28,26,31,15,68,68,83,77,82,79,80,39,77,74,79,62,70,43,69,60,231,236,254,229,300,303,293,243,499,406,454,416,481,183,393,274,206,179,250,150,148,148,1329,1151,29992,29993,29993,-665]} 1. d4 Nf6 2. Nf3 e6 3. c4 Bb4+ 4. Nc3 b6 5. Bd2 Bb7 6. e3 O-O 7. Bd3 Bxc3 8. Bxc3 Ne4 9. Bxe4 {E21: Nimzo-Indian: 4 Nf3} Bxe4 10. d5 exd5 (10... f6 11. O-O Qe7 12. Nh4 h6 13. Qg4 Bh7 14. e4 Na6 15. Ng6 Bxg6 16. Qxg6 Nc5 {½-½ (46) Aleksandrov,A (2585)-Khanin,S (2494) St Petersburg 2018}) 11. Qd4 {[%csl Gc3][%cal Rd4g7] White has an edge.} f6 {And now ...Nc6 would win.} 12. cxd5 Qe7 $146 ({Predecessor:} 12... Re8 13. Qc4 Qe7 14. Nd2 Bg6 15. Qxc7 Na6 16. Qf4 Qc5 {½-½ (53) Struzka,V (2223)-Tassone,R (2164) ICCF email 2015}) 13. Nd2 Bg6 14. h4 d6 (14... Bf7 $11) 15. h5 $14 Bf7 16. h6 g6 17. Ne4 $36 {[%mdl 2048] White is on the roll.} Nd7 18. O-O-O Rae8 19. f3 ({Much weaker is} 19. Nxf6+ $6 Nxf6 20. Qxf6 Qxf6 $11) 19... Ne5 20. Nf2 g5 21. f4 Nd7 22. Rh3 gxf4 $2 ({Black should play} 22... Bg6 $14) 23. exf4 $18 Bg6 24. g4 $1 Qe2 {[%csl Gg6][%cal Re2c2]} 25. f5 Bf7 26. g5 Ne5 $2 (26... Re5) 27. Qf4 Kh8 {If only Black now had time for ...fxg5....} 28. Rg3 b5 29. gxf6 $2 (29. Re3 Qc4 30. Qxc4 bxc4 31. Ne4 fxg5 32. Nxg5) 29... Nc4 $2 (29... b4) 30. Ng4 {aiming for Qg5.} Rg8 31. Re1 Qxe1+ 32. Bxe1 Rxe1+ 33. Kc2 {Hoping for Ne3.} Bxd5 $2 {[%mdl 8192] [#]} (33... Re2+ $16 34. Kd1 Rge8) 34. f7 $1 {[%mdl 512]} Be4+ {[#]} (34... Bxf7 35. b3) 35. Qxe4 $1 {[%mdl 512]} Rxe4 {[#]} 36. Kd1 $4 {[%mdl 40960] Accuracy: White = 58%, Black = 29%. . Sensor Board Error (Ke4/e5)?} (36. Nf6 $1 {[%mdl 512] is the narrow road to win.} Re2+ {[#]} 37. Kd1 $1 {[%mdl 512]} Rd2+ 38. Kc1 Rc2+ {[%mdl 64] Decoy} 39. Kxc2 Na3+ 40. bxa3 Rxg3 41. f8=Q+ Rg8 42. Qxg8#) 1-0

[Event "CAT-ch Open-Women 2019"]
[Site "Platja de la Pineda"]
[Date "2019.04.19"]
[Round "2"]
[White "Ayats Llobera, Gerard"]
[Black "Campos Cayuelas, Adria"]
[Result "1-0"]
[WhiteElo "2363"]
[BlackElo "2162"]
[Annotator "TA"]
[PlyCount "57"]
[EventDate "2019.04.18"]
[EventType "swiss"]
[EventCountry "ESP"]
[SourceTitle "playchess.com"]
[Source "ChessBase"]
[SourceQuality "1"]

{[%evp 19,57,35,49,51,91,49,74,31,90,32,88,35,108,64,99,62,146,43,69,66,70,66,150,150,145,154,200,203,198,125,124,112,153,137,146,148,177,167,29997,17]} 1. e4 e6 2. d4 d5 3. e5 c5 4. c3 Nc6 5. Nf3 Qb6 6. a3 cxd4 7. cxd4 Nge7 8. Nc3 Nf5 9. Na4 Qd8 10. b4 Bd7 11. Bb2 {C02: French: Advance Variation} Be7 (11... Nh4 12. Nc5 Bxc5 13. dxc5 O-O 14. Nxh4 Qxh4 15. Bd3 f6 16. exf6 e5 17. g3 Qxf6 18. O-O Qf7 19. b5 Na5 20. Bxe5 Bh3 21. f4 Bxf1 22. Qxf1 Nc4 23. Qh3 h6 24. Bd4 Nd2 25. Be2 Nb3 {0-1 (25) Simonovic,A (2362)-Zajic,M (2472) Kragujevac 2015}) 12. Bd3 O-O 13. O-O {White is better.} Rc8 (13... b6 $1 $14) 14. g3 $146 (14. Nc5 $16) ({Predecessor:} 14. Rc1 a6 15. Nc5 Bxc5 16. dxc5 Nce7 17. Re1 Bb5 18. Bxb5 axb5 {0-1 (47) Souza,R (2142)-Cordeiro,Y (1631) Florianopolis 2019}) 14... g6 (14... f6 $14) 15. Re1 ({Better is} 15. Nc5 $16) 15... Kh8 ({Black should try} 15... b6 $1 $14) 16. Kg2 Kg7 17. h4 Qe8 (17... b6 $14) 18. Bxf5 (18. Nc5 $1 $16) 18... gxf5 19. Nc5 b6 20. Nd3 Kh8 (20... h6 $14) 21. Bc1 $1 $16 Rg8 22. Bg5 Bxg5 23. hxg5 Ne7 {[#]} 24. Nf4 (24. Rh1 $1 $18 {[%mdl 512] White wants to mate with Rxh7+!} Rg7 25. Nf4) 24... Ba4 25. Qd2 Rc2 {[#]} 26. Qe3 $1 Qc6 27. Rh1 {And now g6! would win.} Rc3 28. Qe1 {Intending Rxh7+! and mate.} Bc2 $2 {[#]} (28... Rg7 $18 29. Nh5 Rg6) 29. Rxh7+ $1 {[%mdl 33344] Clearance. Accuracy: White = 42%, Black = 18%. . Loss on time!?} 1-0

[Event "CAT-ch Open-Women 2019"]
[Site "Platja de la Pineda"]
[Date "2019.04.19"]
[Round "2"]
[White "Herrera Reyes, Jose Antonio"]
[Black "Fernandez Aguilar, Francisco"]
[Result "1-0"]
[WhiteElo "2355"]
[BlackElo "2132"]
[Annotator "TA"]
[PlyCount "99"]
[EventDate "2019.04.18"]
[EventType "swiss"]
[EventCountry "ESP"]
[SourceTitle "playchess.com"]
[Source "ChessBase"]
[SourceQuality "1"]

{[%evp 10,99,20,0,-1,7,5,13,0,0,8,15,16,16,9,19,18,14,31,25,31,37,15,24,29,7,27,12,8,13,7,6,31,37,20,6,20,4,57,58,103,103,104,107,110,93,93,88,89,83,116,104,111,106,167,113,144,138,153,157,154,150,187,137,254,232,249,231,404,398,388,384,441,432,432,367,377,298,474,485,498,371,1198,1143,29977,29977,29977,29977,29981,29982,29981,29981]} 1. Nf3 d5 2. g3 Nf6 3. Bg2 c6 4. d3 h6 5. O-O Bf5 6. c3 e6 {A07: Réti Opening: New York and Capablanca Systems} 7. Qb3 Qc8 8. c4 Be7 {The position is equal.} 9. cxd5 exd5 10. e4 dxe4 11. Nd4 $146 ({Predecessor:} 11. dxe4 Bxe4 12. Ne5 O-O 13. Re1 Bxg2 14. Kxg2 {0-1 (42) Herrera Reyes,J (2324)-Lemos,D (2482) Brena Baja 2019}) 11... Bg6 12. dxe4 Nbd7 13. Nc3 Nc5 14. Qc2 O-O 15. Qe2 Re8 16. f3 Ne6 17. Nb3 Nc5 18. Be3 Nxb3 19. axb3 Qe6 20. Qc4 a6 21. Qxe6 fxe6 22. Na4 Rad8 23. Rfd1 Rxd1+ ({Black should play} 23... Nd7 $11) 24. Rxd1 $14 Rd8 25. Rxd8+ Bxd8 26. Nc5 Bb6 27. Kf2 Bxc5 28. Bxc5 $16 {[%mdl 4096] Endgame KBB-KBN} Nd7 29. Bd6 Nb6 30. Bh3 {Threatens to win with Bc5.} Kf7 31. Ke3 Nc8 {[#]} (31... Nd7 $16) 32. Be5 ({Better is} 32. Bc7 $1 $18) 32... Bh5 33. Bf1 c5 34. g4 Bg6 35. f4 b5 36. f5 exf5 (36... Bh7 $16 {was necessary.} 37. Be2 Bg8) 37. exf5 $18 ({Not} 37. gxf5 Bh5 $16) 37... Bh7 38. Bg2 a5 $2 {[#]} (38... Nb6 39. Bd6 g6) 39. Bd5+ Kf8 40. Be6 Na7 41. Bd6+ Ke8 42. Bxc5 Nc6 43. Bd4 Kf8 (43... g6 {might work better.} 44. Bb6 Nd8 45. fxg6 (45. Bxa5 Nxe6 46. fxe6 Bg8 $14) 45... Bxg6) 44. Bd7 Nxd4 45. Kxd4 {KB-KB} Bg8 $2 (45... Ke7) 46. Be6 Bf7 47. Bxf7 {White mates.} Kxf7 48. Kc5 Kf6 49. Kxb5 Kg5 50. Kxa5 {Accuracy: White = 74%, Black = 28%.} 1-0

[Event "CAT-ch Open-Women 2019"]
[Site "Platja de la Pineda"]
[Date "2019.04.19"]
[Round "2"]
[White "Esplugas Esteve, Vicens"]
[Black "Fernandez Fuentes, Javier"]
[Result "1-0"]
[WhiteElo "2297"]
[BlackElo "2090"]
[Annotator "NA"]
[PlyCount "83"]
[EventDate "2019.04.18"]
[EventType "swiss"]
[EventCountry "ESP"]
[SourceTitle "playchess.com"]
[Source "ChessBase"]
[SourceQuality "1"]
[TimeControl "5400+30"]

1. d4 Nf6 2. c4 e6 3. Nc3 Bb4 4. Qc2 d5 5. cxd5 exd5 6. Bg5 c5 7. dxc5 Nbd7 8. e3 Qa5 9. Bd3 O-O 10. Bxf6 Nxf6 11. Nge2 Bg4 12. O-O Bxe2 13. Nxe2 Qxc5 14. Rfd1 Qe7 15. Bf5 Rad8 16. Bh3 Rfe8 17. g3 Ne4 18. Nf4 Qe5 19. Bg2 Ba5 20. Qa4 Nxf2 21. Rf1 Bb6 22. Rxf2 Bxe3 23. Raf1 d4 24. Nd3 Qf5 25. Qb3 b6 26. Bc6 Re7 27. Kg2 Bxf2 28. Rxf2 Qe6 29. Qxe6 Rxe6 30. Bb5 Re3 31. Rc2 Re7 32. Kf2 Kf8 33. Nb4 d3 34. Nxd3 a6 35. Bxa6 Ra7 36. Nb4 Rd4 37. Rc8+ Ke7 38. Nc6+ Kd7 39. Nxa7 Rd2+ 40. Kf3 Rxb2 41. Bc4 Rxh2 42. Rf8 1-0

[Event "CAT-ch Open-Women 2019"]
[Site "Platja de la Pineda"]
[Date "2019.04.19"]
[Round "2"]
[White "Garcia Ramos, Daniel"]
[Black "Garcia Espelta, Josep"]
[Result "1-0"]
[WhiteElo "2286"]
[BlackElo "2037"]
[Annotator "NA"]
[PlyCount "45"]
[EventDate "2019.04.18"]
[EventType "swiss"]
[EventCountry "ESP"]
[SourceTitle "playchess.com"]
[Source "ChessBase"]
[SourceQuality "1"]
[TimeControl "5400+30"]

1. e4 c5 2. Nf3 e6 3. d4 cxd4 4. Nxd4 a6 5. Nc3 Qc7 6. Bd3 Nc6 7. Nxc6 dxc6 8. O-O e5 9. Qe2 Nf6 10. Kh1 Be7 11. a4 a5 12. Bc4 O-O 13. Be3 Bd7 14. f3 b6 15. Rad1 Rfd8 16. Qf2 Rab8 17. Rd2 b5 18. axb5 cxb5 19. Nd5 Nxd5 20. Bxd5 Rdc8 21. Ba7 Rb7 22. Bxb7 Qxb7 23. Qb6 1-0

[Event "CAT-ch Open-Women 2019"]
[Site "Platja de la Pineda"]
[Date "2019.04.19"]
[Round "2"]
[White "Gomez Anadon, Daniel"]
[Black "Millaret Lores, Francesc"]
[Result "1/2-1/2"]
[WhiteElo "2271"]
[BlackElo "2028"]
[Annotator "NA"]
[PlyCount "74"]
[EventDate "2019.04.18"]
[EventType "swiss"]
[EventCountry "ESP"]
[SourceTitle "playchess.com"]
[Source "ChessBase"]
[SourceQuality "1"]
[TimeControl "5400+30"]

1. e4 c5 2. Nf3 d6 3. Bb5+ Bd7 4. Bxd7+ Nxd7 5. O-O g6 6. c3 Bg7 7. d4 Qc7 8. Re1 e6 9. Na3 a6 10. Bf4 e5 11. dxe5 dxe5 12. Bg3 Ne7 13. Nc4 Nc6 14. Qd6 Qxd6 15. Nxd6+ Ke7 16. Rad1 f6 17. Nxb7 Rhb8 18. Rxd7+ Kxd7 19. Nxc5+ Ke7 20. b3 Rd8 21. Kf1 Rd6 22. Ke2 Bh6 23. Rb1 Nd8 24. Rd1 Ne6 25. Rxd6 Kxd6 26. Nxe6 Kxe6 27. Ne1 Rc8 28. c4 a5 29. f3 a4 30. Nc2 Bf8 31. Be1 f5 32. Bd2 Be7 33. Kd3 Rd8+ 34. Ke2 Rc8 35. Kd3 Rd8+ 36. Ke2 Rc8 37. exf5+ gxf5 1/2-1/2

[Event "CAT-ch Open-Women 2019"]
[Site "Platja de la Pineda"]
[Date "2019.04.19"]
[Round "2"]
[White "Garcia Jimenez, Francisco Javier"]
[Black "Pellicer Roncero, Nestor"]
[Result "1-0"]
[WhiteElo "2254"]
[BlackElo "1972"]
[Annotator "NA"]
[PlyCount "117"]
[EventDate "2019.04.18"]
[EventType "swiss"]
[EventCountry "ESP"]
[SourceTitle "playchess.com"]
[Source "ChessBase"]
[SourceQuality "1"]
[TimeControl "5400+30"]

1. e4 c5 2. Nc3 e6 3. Nf3 a6 4. d4 cxd4 5. Nxd4 Bb4 6. Nde2 Nc6 7. g3 Nf6 8. Bg2 d5 9. exd5 Nxd5 10. O-O Nxc3 11. Nxc3 O-O 12. Be3 Qc7 13. Na4 b5 14. c3 Be7 15. Nb6 Rb8 16. Nxc8 Rbxc8 17. Qh5 Qe5 18. Qxe5 Nxe5 19. Rad1 Nc4 20. Bc1 Rc7 21. Bf4 e5 22. Bc1 Rd8 23. Rxd8+ Bxd8 24. Rd1 Be7 25. b3 Nb6 26. Be3 Nc8 27. Rd3 Kf8 28. Bd5 Bd6 29. c4 Ke7 30. Rd1 Bb4 31. Kf1 Bc5 32. Bxc5+ Rxc5 33. b4 Rc7 34. c5 Na7 35. Re1 Kf6 36. a4 bxa4 37. Ra1 a5 38. Rxa4 axb4 39. Rxb4 Rxc5 40. Rb6+ Kg5 41. Bxf7 Nc6 42. h4+ Kf5 43. Kg2 Nd4 44. Bg8 Rc6 45. Bxh7+ Kf6 46. Rb7 Ne6 47. Be4 Rd6 48. Ra7 Nc5 49. Bf3 e4 50. Be2 Rd2 51. Kf1 Rb2 52. Rc7 Nd3 53. Bxd3 exd3 54. Rd7 Rb1+ 55. Kg2 Rb3 56. Kf3 g5 57. hxg5+ Kxg5 58. Rd5+ Kf6 59. Ke4 1-0

[Event "CAT-ch Open-Women 2019"]
[Site "Platja de la Pineda"]
[Date "2019.04.19"]
[Round "2"]
[White "Fernandez Diaz, Cristian"]
[Black "Asis Gargatagli, Hipolito"]
[Result "1/2-1/2"]
[WhiteElo "2237"]
[BlackElo "2529"]
[Annotator "TA"]
[PlyCount "128"]
[EventDate "2019.04.18"]
[EventType "swiss"]
[EventCountry "ESP"]
[SourceTitle "playchess.com"]
[Source "ChessBase"]
[SourceQuality "1"]

{[%evp 9,128,43,47,29,31,15,16,10,12,7,20,-5,52,53,57,25,56,-10,-6,-25,-3,-97,-80,-115,-100,-116,-125,-136,-133,-129,-130,-237,-232,-231,-240,-265,-249,-364,-281,-266,-206,-210,-200,-195,-204,-207,-210,-211,-210,-243,-235,-258,-225,-247,-235,-236,-231,-245,-243,-237,-214,-434,-270,-267,-256,-252,-252,-498,-252,-276,-268,-419,-384,-458,-462,-458,-458,-448,-439,-417,-402,-452,-448,-579,-577,-693,-778,-754,-754,-976,-870,-856,-847,-788,-737,-721,-598,-589,-587,-573,-583,-564,-569,-564,-563,-543,-514,-545,-490,-481,29995,-5306,-5297,-6005,0,0,0,-5593,-93,-72,-8]} 1. d4 Nf6 2. Bf4 g6 3. Nc3 d6 4. e4 c6 5. Qd2 Nbd7 (5... Bg7 6. Bh6 Bxh6 7. Qxh6 Qa5 8. Bd3 c5 9. d5 Nbd7 10. Nf3 b5 11. Bxb5 Rb8 12. Bxd7+ Bxd7 13. O-O Rxb2 14. e5 Qxc3 15. exf6 Qxf6 16. Rab1 Rb6 {1-0 (25) Vachier Lagrave,M (2779)-Dominguez Perez,L (2739) chess.com INT 2018}) 6. O-O-O {B07: Pirc Defence: Miscellaneous Systems} b5 {[%cal Bb7b5,Bb5b4][%mdl 32]} 7. f3 b4 $146 ({Predecessor:} 7... Qa5 8. Kb1 Ba6 9. a3 Rb8 10. Nd5 Qxd2 11. Nxf6+ Nxf6 12. Rxd2 Bg7 13. Bd3 Nd7 {1-0 (47) Rabineau,C (2263)-Ballandras,M (1892) Avoine 2009}) 8. Nce2 {The position is equal.} a5 9. Kb1 Nb6 10. Nc1 e6 (10... Qc7 $11) 11. h4 $14 h6 12. g4 d5 13. g5 ({White should try} 13. Qh2 $14 Ra7 14. Bd3) 13... hxg5 $11 14. Bxg5 dxe4 15. Qe1 {[#]} (15. Bxf6 $1 $11 Qxf6 {[%mdl 64] Double Attack} 16. fxe4) 15... e3 $1 $17 {[%mdl 512]} 16. Qxe3 Nfd5 17. Qe4 Be7 18. Bxe7 Qxe7 (18... Nxe7 19. Bd3 $15) 19. Bd3 Bb7 20. Nge2 (20. h5 $17) 20... c5 $1 $19 21. Qe5 Rh5 $1 {[%cal Rh5e5]} 22. Qg7 {[#] Threatens to win with dxc5.} c4 $1 {[%cal Rc4d3]} 23. Ng3 (23. Be4 $142 O-O-O 24. Rdg1) 23... cxd3 24. Nxd3 Nf6 25. Nxh5 Nxh5 26. Qh8+ Qf8 27. Qe5 Nd7 28. Qb5 Bd5 29. Rhe1 {Strongly threatening Qxd5.} Qd6 30. Nc5 Ke7 31. Qd3 Nhf6 32. Ne4 Qc6 33. Qe3 a4 34. b3 Qa6 ({Don't take} 34... axb3 35. cxb3 Kf8 36. Re2) 35. Qd2 $2 (35. Rd2) 35... Qa5 {And now ...axb3 would win.} 36. Re3 axb3 37. cxb3 Rh8 38. Qh2 $2 (38. Rh1 {keeps fighting.}) 38... Kf8 (38... Bxe4+ $142 39. Rxe4 Nd5) 39. Qf4 Kg7 40. Qd6 (40. Rc1 {is a better defense.}) 40... Rxh4 41. Ng5 {[#]} Bxb3 $1 {[%mdl 512]} 42. Rxb3 {aiming for d5!} (42. axb3 Qxg5) 42... Qxg5 43. Qxb4 Qf5+ 44. Ka1 Nd5 45. Qe1 Rh2 {Hoping for ...Qc2.} 46. Rc1 Qf4 47. Qd1 {[#]} Rd2 $1 48. Qg1 Rxd4 49. Qe1 Qf6 50. Kb1 Ne5 51. Rd1 Qf5+ 52. Ka1 Ra4 53. Qd2 Qf6 54. Qb2 {[#]} Nb4 $1 {[%mdl 512]} 55. a3 (55. Rxb4 Rxb4) 55... Nbc6 56. Ka2 Na5 57. Rc3 Rf4 58. Rc8 {intending Rh1.} Nac6 59. Rh1 {Black must now prevent Qh2.} Rxf3 $4 {[%mdl 8192] [#]} (59... g5 $19 60. Rh3 Rxf3 61. Rxf3 Qxf3 62. Rxc6 {[%mdl 64] Remove Defender} Qxc6 63. Qxe5+ f6) 60. Rhh8 $4 {[%mdl 8192]} (60. Rh7+ $1 {[%mdl 512]} Kxh7 61. Qh2+ Rh3 62. Qxh3+ Qh4 63. Qxh4+ Kg7 64. Qh8#) 60... Qf4 61. Rhg8+ Kh7 62. Rh8+ Kg7 63. Rhg8+ Kf6 $2 (63... Kh6 $19 {and Black stays clearly on top. ( -> ...Qc4+)} 64. Rh8+ Kg5) 64. Rxc6 $17 Rf2 {Accuracy: White = 42%, Black = 60%.} ({Better is} 64... g5 $17 65. Rc2 g4) 1/2-1/2

[Event "CAT-ch Open-Women 2019"]
[Site "Platja de la Pineda"]
[Date "2019.04.19"]
[Round "2"]
[White "Ros Alonso, Jaume"]
[Black "Munoz, Miguel"]
[Result "0-1"]
[WhiteElo "2182"]
[BlackElo "2509"]
[Annotator "TA"]
[PlyCount "120"]
[EventDate "2019.04.18"]
[EventType "swiss"]
[EventCountry "ESP"]
[SourceTitle "playchess.com"]
[Source "ChessBase"]
[SourceQuality "1"]

{[%evp 10,130,38,20,17,24,31,15,22,0,25,0,0,0,0,-18,5,0,0,-17,-13,-33,-4,-22,-3,-4,-7,-24,-14,-23,0,0,9,9,9,12,9,5,15,0,15,10,19,15,18,14,21,21,18,17,22,0,11,-20,0,-27,-34,-35,-29,-30,0,0,0,0,0,0,0,0,63,0,8,0,0,0,0,0,0,0,25,0,0,-20,-20,-195,-165,-227,-219,-203,-145,-158,-158,-154,-139,-195,-187,-225,-216,-299,-287,-283,-257,-306,-295,-298,-279,-470,-455,-532,-516,-606,-599,-553,-525,-1106,-1068,-977,-884,-1282,-1192,-1245,-1155,-1049,-1027]} 1. e4 d5 2. exd5 Qxd5 3. Nc3 Qa5 4. Bc4 Nf6 5. d3 Bg4 6. f3 Bd7 {B01: Scandinavian Defence} 7. Bd2 Qb6 8. Qe2 Nc6 {The position is equal.} 9. O-O-O Nd4 10. Qe5 e6 11. Nge2 $146 ({Predecessor:} 11. Ne4 Nxe4 12. dxe4 Qc5 13. Qxc5 Bxc5 14. Bf4 {1-0 (57) Mamedyarov,S (2757)-Prie,E (2516) France 2007}) 11... Bc5 12. Kb1 O-O-O 13. Rhe1 Bc6 14. Nxd4 Bxd4 15. Qe2 h5 16. Be3 h4 17. Bxd4 Qxd4 18. h3 Nh5 19. Ne4 Bxe4 20. fxe4 Nf4 21. Qg4 Qf6 22. e5 Qh6 23. d4 Kb8 24. a4 {[%cal Ba2a4,Ba4a5,Ba5a6][%mdl 32]} g5 25. Qf3 Rd7 26. a5 Qh5 {Strongly threatening ...Qxf3.} 27. Qb3 {White wants to play Bb5.} c6 $1 28. Rd2 Rhd8 29. a6 b6 30. c3 Kc7 31. Bf1 Rd5 32. Red1 Qg6+ 33. Qc2 $1 Qxc2+ 34. Kxc2 c5 35. Bc4 R5d7 $1 36. Bb5 Rd5 {[#] And now ...cxd4 would win.} 37. Bc4 R5d7 $1 38. Bb5 Re7 ({Black should play} 38... Rd5 $11 39. Bc4) 39. Kb3 (39. dxc5 $14 Rxd2+ 40. Kxd2 (40. Rxd2 bxc5 41. Kb3 Kc8 $11)) 39... cxd4 40. cxd4 Kb8 41. Bc6 Rc7 42. Bf3 Nd5 43. Rd3 Kc8 44. Rf1 Nf4 45. Rd2 Kd7 46. d5 $2 (46. Bb7 $11 {and White has nothing to worry.}) 46... exd5 $19 47. Bxd5 (47. Rg1 $142) 47... Ke7 48. Rfd1 Rc5 $36 {[%mdl 2048] White is under strong pressure.} ({Resist} 48... Nxd5 49. Rxd5 Rxd5 50. Rxd5 $17) 49. Bf3 Rxd2 50. Rxd2 $17 {[%mdl 4096] Endgame KRB-KRN} Ng6 51. Bg4 (51. Be4 $17) 51... Nxe5 $19 52. Re2 Kd6 53. Bf5 Nc6 {[#] Threatens to win with ...Nd4+.} 54. Rd2+ Ke5 55. Bd7 {next Bxc6 is good for White.} Nd4+ 56. Kb4 f5 57. Rd1 $2 (57. Ba4) 57... Rc2 {Black is clearly winning.} 58. Re1+ Kd6 59. Rd1 Kxd7 60. Rxd4+ {KR-KR} Kc6 {Played: Kd7-e6} 0-1